Province del Veneto co mapa - Statistics

General Stats
  • This quiz has been taken 330 times
  • The average score is 5 of 7
Answers on the Map
Answers color-coded by a green-red scale on the quiz's map according to % correct below.
 
Answer Stats
Province % Correct
Verona
93%
Padova
90%
Rovigo
83%
Belun
68%
Venecia
67%
Treviso
60%
Vicença
49%
No matching quizzes found
Score Distribution
Percent of People with Each Score
Percentile by Number Answered
Your Score History
You have not taken this quiz